00519cam a2200193 a 450000100070000000500170000700800410002401000170006502000250008204000180010704100080012508000180013308200220015110000070017310100080018024500650018850400510025374000210030493352420180220075038.0830524s1983 njua b 001 0 eng  a 83011045  a0135666791 :c$21.95 aDLCcDLCdDLC aeng a658.4012 hen00a658.4012 hen2191 a54 aman13aAn MBO approach to long-range planning /cR. Henry Migliore. aIncludes bibliographical references and index.0 aM.B.O. approach.